Music Quiz

Random Music or Billboard Quiz
Score 0/11 Timer 04:00
0 Plays Today
Artist Song % Correct
AdeleHello
95.4%
Justin BieberSorry
75.8%
The Chainsmokers ft. HalseyCloser
70.9%
ZaynPillowtalk
69.2%
Rihanna ft. DrakeWork
60.6%
Justin BieberLove Yourself
60.5%
DesiignerPanda
60%
Justin TimberlakeCan't Stop the Feeling!
59%
Sia ft. Sean PaulCheap Thrills
57.4%
Drake ft. Wizkid and KylaOne Dance
50.9%
Rae Sremmurd ft. Gucci ManeBlack Beatles
43.4%
Remove Ads.
Support Sporcle.
Get the best of Sporcle when you Go Orange. This ad-free experience offers more features, more stats, and more fun while also helping to support Sporcle. Thank you for becoming a member.

You're not logged in!

Compare scores with friends on all Sporcle quizzes.
OR
Log In

Show Comments

Extras

Top Quizzes Today


Score Distribution

Your Account Isn't Verified!

In order to create a playlist on Sporcle, you need to verify the email address you used during registration. Go to your Sporcle Settings to finish the process.

Report this User

Report this user for behavior that violates our Community Guidelines.

Details: